000 00599nam a2200229 i 4500
001 C2-0091562
003 PPAK
005 20180727092445.0
008 970511s1992 si a|||| ||||| | eng d
020 _a9813011645
040 _aPPAK
_beng
_cPPAK
_erda
082 0 4 _a823
_223
090 0 0 _a823
_bPRO
_dK
245 0 4 _aThe proud roaster
264 1 _aSingapore :
_bSystem Publishing House ,
_c1992
300 _a28 pages :
_bcolour illustrations ;
_c25 cm
336 _2rdacontent
_atext
337 _2rdamedia
_aunmediated
338 _2rdacarrier
_avolume
650 1 0 _aTales
942 _ddc
_cB
999 _c19433
_d19433